Richard Scarry's Mr. Frumble's coffee shop disaster. (Record no. 1164)

MARC details
000 -LEADER
fixed length control field 01613nam a2200301 a 4500
005 - DATE AND TIME OF LATEST TRANSACTION
control field 20230908143709.0
020 ## - INTERNATIONAL STANDARD BOOK NUMBER
International Standard Book Number 033500712005
040 ## - CATALOGING SOURCE
Original cataloging agency DLC
Transcribing agency DLC
Language of cataloging eng
050 00 - LIBRARY OF CONGRESS CALL NUMBER
Classification number PZ7.S327
Item number Mq 1993
082 00 - DEWEY DECIMAL CLASSIFICATION NUMBER
Classification number Fic
Edition number 20
100 1# - MAIN ENTRY--PERSONAL NAME
Personal name Scarry, Richard.
245 10 - TITLE STATEMENT
Title Richard Scarry's Mr. Frumble's coffee shop disaster.
260 ## - PUBLICATION, DISTRIBUTION, ETC.
Place of publication, distribution, etc. Racine, Wis. :
Name of publisher, distributor, etc. Western Publishing Company, Inc.,
Date of publication, distribution, etc. 1993.
300 ## - PHYSICAL DESCRIPTION
Extent 23 unnumbered pages :
Other physical details color illustrations ;
Dimensions 21 cm
490 0# - SERIES STATEMENT
Series statement A Little golden book
500 ## - GENERAL NOTE
General note "A Golden book, New York."
505 ## - FORMATTED CONTENTS NOTE
Formatted contents note F <br/>
520 ## - SUMMARY, ETC.
Summary, etc. This is the fascinating story of the French regime in Canada. Few periods in the history of North America can equal it for romance and color, drama and suspense, great human courage and far-seeing aspiration. Costain, who writes history in the terms of the people who lived it, wrote of this book: "Almost from the first I found myself caught in the spell of these courageous, colorful, cruel days. But whenever I found myself guilty of overstressing the romantic side of the picture and forgetful of the more prosaic life beneath, I tried to balance the scales more properly. [This] is . . . a conscientious effort at a balanced picture of a period which was brave, bizarre, fanatical, lyrical, lusty, and, in fact, rather completely unbalanced."<br/>
521 ## - TARGET AUDIENCE NOTE
Target audience note 300 <br/>
Source Lexile <br/>
521 ## - TARGET AUDIENCE NOTE
Target audience note F <br/>
Source Raz-Plus <br/>
650 #1 - SUBJECT ADDED ENTRY--TOPICAL TERM
Topical term or geographic name entry element Pigs
General subdivision Fiction.
650 #1 - SUBJECT ADDED ENTRY--TOPICAL TERM
Topical term or geographic name entry element Accidents
General subdivision Fiction.
650 #1 - SUBJECT ADDED ENTRY--TOPICAL TERM
Topical term or geographic name entry element Animals
General subdivision Fiction.
650 #1 - SUBJECT ADDED ENTRY--TOPICAL TERM
Topical term or geographic name entry element Humorous stories.
906 ## - LOCAL DATA ELEMENT F, LDF (RLIN)
a 7
b cbc
c orignew
d 2
e opcn
f 19
g y-gencatlg
942 ## - ADDED ENTRY ELEMENTS (KOHA)
Source of classification or shelving scheme Dewey Decimal Classification
Koha item type Books
Suppress in OPAC No
999 ## -
-- 1164
-- 1164
Holdings
Withdrawn status Lost status Source of classification or shelving scheme Damaged status Not for loan Collection Home library Current library Shelving location Date acquired Total Checkouts Full call number Barcode Date last seen Date last checked out Price effective from Koha item type
    Dewey Decimal Classification     Juvenile Fiction Footprints International School Library Network Toul Kork Campus Footprints International School Library Network Toul Tom Poung Campus   08/04/2023 3 SCA Fic PZ7.S327 FISBK00189 03/19/2026 03/12/2026 08/04/2023 Books